• 首页
  • 本馆介绍
  • 公告通知
  • 最新文献
  • 馆藏检索
  • 电子资源
  • 读者导购
  • 参考咨询
  • 我的图书馆
  • 登录
  • 详细信息显示
  • 放入我的书架
  • 预约/预借图书
  • 作者相关作品
  • 分类相关作品
  • 丛书相关作品
  • 出版社相关作品

书目信息

  • 表格格式
  • 工作单格式
  • 卡片格式
题名:
可编程序计算器在化学中的应用
    
 
作者: 蔡生民 , 刘万祺 编
分册:  
出版信息: 北京   北京大学出版社  1982
页数: 159页
开本: 19cm
丛书名:
单 册:
中图分类: O6-39
科图分类:
主题词: 可编程序计算器-化学实验-应用 , 化学实验-可编程序计算器-应用
电子资源:
ISBN:
000 00744nam0 2200253 45
001 0182005361
005 20060814150541.57
010    @dCNY0.56
091    @aCN@b13209.42
100    @a19950311d1982 em y0chiy0121 ea
101 0  @achi
102    @aCN@b110000
105    @ay z 000yy
200 10 @a可编程序计算器在化学中的应用@Ake bian cheng xu ji suan qi zai hua xue zhong de ying yong@f刘万祺,蔡生民编
210    @a北京@c北京大学出版社@d1982
215    @a159页@d19cm
606    @a可编程序计算器-化学实验-应用
606    @a化学实验-可编程序计算器-应用
690    @aO6-39@v3
701  0 @a蔡生民@Acai sheng min@4编
701  0 @a刘万祺@Aliu wan qi@4编
801  2 @aCN@bNLC@c20060814
801  0 @aCN@bTSSF
905    @a10447@dO6-39@e345
    
    可编程序计算器在化学中的应用/刘万祺,蔡生民编.-北京:北京大学出版社,1982
    159页;19cm
    
    
    ISBN :CNY0.56
    
●
相关链接 在E读中查询图书 在五车中查询图书 在当当中查询图书 在豆瓣中查询图书


正题名:可编程序计算器在化学中的应用     索取号:O6-39/345         预约/预借

序号 登录号 条形码 馆藏地/架位号 状态 备注
1 0461108   204611081   密集书库/ [索取号:O6-39/345] 在馆    
2 0461109   204611090   密集书库/ [索取号:O6-39/345] 在馆    
3 0461110   204611107   密集书库/ [索取号:O6-39/345] 在馆    
唐山师范学院图书馆 欢迎您!
大连网信软件有限公司© 版权所有